000 00277nam a2200121Ia 4500
008 190216s9999||||xx |||||||||||||| ||und||
100 _aKatathanad Madhavi Amma
245 0 _aGramasreekal
260 _bP K Brothers
_c1984
300 _a49p
650 _aKavithkal
942 _cBK
999 _c25537
_d25537